Statistics for Time Person of the Year- Multiple Recipients 1927-2020

Click here to take the quiz!

General Stats

  • This quiz has been taken 43 times
  • The average score is 12 of 14

Answer Stats

Answer% Correct
Barack Obama
100%
Richard Nixon
100%
Winston Churchill
100%
Bill Clinton
98%
George W. Bush
98%
Ronald Reagan
98%
Dwight D Eisenhower
95%
Franklin D Roosevelt
95%
Joseph Stalin
95%
Harry Truman
90%
Lyndon B Johnson
90%
Mikhail Gorbachev
88%
Deng Xiaoping
24%
George C. Marshall
19%

Score Distribution

Percentile by Number Answered

Percent of People with Each Score

Your Score History

You have not taken this quiz